Statistics for Nearest London Underground station to these places of interest? Part2

Click here to take the quiz!

General Stats

  • This quiz has been taken 67 times
  • The average score is 6 of 10

Answer Stats

Place of interestAnswer% Correct
Houses of ParliamentWestminster
96%
London EyeWaterloo
95%
Royal Albert HallSouth Kensington/High Street Kensington
68%
Tate ModernSouthwark/Blackfriars
64%
Royal Opera HouseCovent Garden
55%
The RitzGreen Park
45%
Spitalfields MarketLiverpool Street
38%
Tottenham Hotspur football groundSeven Sisters
38%
London ZooCamden Town
36%
Royal London HospitalWhitechapel
30%

Score Distribution

Percentile by Number Answered

Percent of People with Each Score

Your Score History

You have not taken this quiz